000 00364nam a22001457a 4500
008 210428b ||||| |||| 00| 0 eng d
020 _a9789928319265
041 _aeng
080 _a941
082 _a941
100 _a17
101 _aSHH
245 _aAdresa E Mbijetesës Kontributi i Xhamisë së Krumës në Luftën e UCK-së
_cCocaj,N
942 _2udc
_cBK
999 _c56861
_d56861